| 000 | 01179cam a22002894a 4500 | ||
|---|---|---|---|
| 001 | 14183327 | ||
| 005 | 20251105144903.0 | ||
| 008 | 051129s2007 nyua b 001 0 eng | ||
| 020 | _a9781418029876 | ||
| 020 | _a1418029874 | ||
| 050 | 0 | 0 |
_aT353 _b.M1965 2007 |
| 082 | 0 | 0 |
_a604.2 _222 |
| 100 | 1 | _aMadsen, David A. | |
| 245 | 1 | 0 |
_aEngineering drawing & design / _cDavid A. Madsen, David P. Madsen, J. Lee Turpin. |
| 250 | _a4th ed. | ||
| 260 |
_aClifton Park, NY : _bDelmar Thomson Learning, _cc2007. |
||
| 300 |
_axxvii, 1105 p. : _bill. ; _c29 cm. + _e1 CD-ROM (4 3/4 in.) |
||
| 440 | 0 | _aDrafting and design series | |
| 500 | _aRev. ed. of: Engineering drawing & design / David A. Madsen ... [et al.]. 3rd ed. c2002. | ||
| 650 | 0 | _aMechanical drawing. | |
| 700 | 1 | _aMadsen, David P. | |
| 700 | 1 | _aTurpin, J. Lee. | |
| 856 | 4 | 2 |
_3Contributor biographical information _uhttp://www.loc.gov/catdir/enhancements/fy1302/2005056945-b.html |
| 856 | 4 | 2 |
_3Publisher description _uhttp://www.loc.gov/catdir/enhancements/fy1302/2005056945-d.html |
| 856 | 4 | 1 |
_3Table of contents only _uhttp://www.loc.gov/catdir/enhancements/fy1302/2005056945-t.html |
| 942 |
_2lcc _cBK _e4th ed. _n0 |
||
| 999 |
_c8080 _d8080 |
||